Frida
Από την μακροχρόνια, αλλά ταραγμένη, σχέση με τον μέντορα και σύζυγό της, Ντιέγκο Ριβέρα, την παράνομη και αμφιλεγόμενη σχέση της με τον Λέον Τρότσκυ έως τους προκλητικούς, για την εποχή, ερωτικούς δεσμούς με άλλες γυναίκες, η Μεξικάνα Φρίντα Κάλο έζησε μια δύσκολη και ασυμβίβαστη ζωή ως άτομο με έν...
Saved in:
| Other Authors: | , , , , , , , |
|---|---|
| Format: | |
| Language: | English Greek |
| Published: |
[S.l.] :
Audio Visual Enterprises,
c2003.
|
| Subjects: | |
| Tags: |
Add Tag
No Tags, Be the first to tag this record!
|
MARC
| LEADER | 00000cgm a2200000 i 4500 | ||
|---|---|---|---|
| 001 | 1/48837 | ||
| 008 | 140605s2003 xx ||| | || ||eng|| | ||
| 035 | |l 10117894 | ||
| 040 | |a GR-MyUa |b gre |e AACR2 | ||
| 041 | 0 | |a eng |j gre | |
| 082 | 7 | |a 791.437 |2 (22) | |
| 245 | 0 | 0 | |a Frida |h [μαγνητοσκόπηση] / |c directed by Julie Taymor. |
| 260 | |a [S.l.] : |b Audio Visual Enterprises, |c c2003. | ||
| 300 | |a 1 βιντεοδίσκος (123 λεπτ.) : |b ομίλ., έγχρ. ; |c 4 3/4 ίν. | ||
| 500 | |a Κυκλοφόρησε πρώτη φορά ως κινηματογραφική ταινία το 2002. | ||
| 508 | |a Μονταζ, Fransoise Bonnot ; σχεδιασμός παραγωγής, Felipe Fernandez ; διεύθυνση φωτογραφίας, Rodrigo Prieto ; μουσική, Elliot Goldenthal ; βασισμένο στο βιβλίο της Hayden Herrera ; σενάριο, Clancy Sigal, Diane Lake, Gregory Nava, Anna Thoma ; παραγωγή, Sarah Green, Salma Hayek. | ||
| 511 | 0 | |a Salma Hayek, Alfred Molina, Geoffrey Rush, Valeria Golino, Mia Maestro, Roger Rees. | |
| 520 | 8 | |a Από την μακροχρόνια, αλλά ταραγμένη, σχέση με τον μέντορα και σύζυγό της, Ντιέγκο Ριβέρα, την παράνομη και αμφιλεγόμενη σχέση της με τον Λέον Τρότσκυ έως τους προκλητικούς, για την εποχή, ερωτικούς δεσμούς με άλλες γυναίκες, η Μεξικάνα Φρίντα Κάλο έζησε μια δύσκολη και ασυμβίβαστη ζωή ως άτομο με έντονη πολιτική συνείδηση, ως ζωγράφος που σημάδεψε το χώρο της, αλλά και ως γυναίκα που κράτησε μια προκλητική στάση στην ερωτική της ζωή. | |
| 521 | 8 | |a Ακατάλληλο κάτω των 13 ετών. | |
| 546 | |a Στα αγγλικά με υπότιτλους στα ελληνικά. | ||
| 586 | 8 | |a 2 Βραβεία Όσκαρ, καλύτερης μουσικής και μακιγιάζ | |
| 586 | 8 | |a Χρυσή Σφαίρα καλύτερης πρωτότυπης μουσικής | |
| 600 | 1 | 0 | |a Kahlo, Frida |v Drama. |
| 655 | 7 | |a Feature films |2 lcgft | |
| 700 | 1 | |a Taymor, Julie, |d 1952- |e drtf | |
| 700 | 1 | |a Hayek, Salma, |d 1966- |e act | |
| 700 | 1 | |a Molina, Alfred, |d 1953- |e act | |
| 700 | 1 | |a Banderas, Antonio, |e act | |
| 700 | 1 | |a Judd, Ashley, |e act | |
| 700 | 1 | |a Norton, Edward, |e act | |
| 700 | 1 | |a Golino, Valeria, |e act | |
| 700 | 1 | |a Rush, Geoffrey, |d 1951- |e act | |
| 852 | |a INST |b SYROS |c AV |e 20140605 |h 791.437 TAY |p 005500011456 |q 005500011456 |t DVD |y 23 | ||
| 901 | |a BIBL5-2014-2 | ||
| 922 | |a 5ΕΛΗ |b 201311 |c ΒΙΒΛΙΟΘΗΚΗ ΣΥΡΟΥ |d Videorama | ||
| 970 | |a ΚΟΝΤΟΥ |b ΠΑΡΑΣΚΕΥΗ |z 05/06/2014 | ||